Probability and statistics (Record no. 26675)

MARC details
000 -LEADER
fixed length control field 00267nam a2200109Ia 4500
082 ## - DEWEY DECIMAL CLASSIFICATION NUMBER
Classification number 519.2
Item number DEG
100 ## - MAIN ENTRY--AUTHOR NAME
Personal name Morris H
245 #0 - TITLE STATEMENT
Title Probability and statistics
260 ## - PUBLICATION, DISTRIBUTION, ETC. (IMPRINT)
Place of publication London
Name of publisher Addison Wesley
Year of publication 1975
942 ## - ADDED ENTRY ELEMENTS (KOHA)
Koha item type Books
Holdings
Withdrawn status Lost status Damaged status Not for loan Home library Current library Date acquired Cost, normal purchase price Full call number Accession Number Koha item type
        RRII Library RRII Library 16/12/2021 18.50 519.2 DEG 07307 Books